Thumbnail Convenience Quiz #5 - Statistics

General Stats
  • This quiz has been taken 9 times
  • The average score is 14 of 16
Answer Stats
Picture Answer % Correct
Avengers
100%
Avengers Logos
100%
Deadpool & Wolverine
100%
Marvel, Black
100%
Marvel Cinematic Universe
100%
Marvel Heroes
100%
Marvel, Orange
100%
Marvel, Red
100%
Marvel, White
100%
Studio C
100%
Marvel Dogs
88%
Street-Level Heroes
88%
Black Marvel Heroes
75%
Marvel Villains
63%
Power Pack
50%
Timeless Cover Variants
50%
No matching quizzes found
Score Distribution
Percent of People with Each Score
Percentile by Number Answered
Your Score History
You have not taken this quiz